| 000 | 00357nam a2200145Ia 4500 | ||
|---|---|---|---|
| 008 | 230312s9999||||xx |||||||||||||| ||und|| | ||
| 082 |
_a657.4 _bAWA-C |
||
| 100 | _aAwan,M Arshad | ||
| 245 | 0 | _aCost Accounting | |
| 260 |
_bKitab Markaz _aFaisalabad _c2011 |
||
| 300 | _a234 | ||
| 546 | _aEng. | ||
| 650 |
_aAccounting _vMarginal Profit Analysis |
||
| 942 | _cBK | ||
| 999 |
_c5845 _d5845 |
||